00984nam a2200217 a 450000500170000000800410001701500170005804000210007504100080009604300120010411000700011624500990018626001380028530000290042350400500045265000520050265000370055465000540059165000610064565000600070620141126103910.0120224s2006 ck a gr 000 0dspa d ack-2006-xxxx aCO-BoIHcCO-BoIH0 aspa as-ck---2 aColombiabCorporación Autónoma Regional de Chivor-CORPOCHIVOR10aGuía técnica ambiental para el adecuado manejo de los residuos peligrosos / cCorpochivor. aBogotá D.C : bMinisterio de Ambiente, Vivienda y Desarrollo Territorial : bCorporación Autónoma Regional de Chivor, c[2006?] a41 pag. bil. ; c27 cm. aIncluye referencias bibliográficas (pag 41) 4aResiduos peligrososx Legislaciónz Colombia. 4aPolítica ambientalz Colombia. 4aResiduos peligrososx Clasificaciónz Colombia. 4aResiduos peligrososx Efectos fisiológicosz Colombia. 4aPlaguicidasx Toxicologiax Clasificaciónz Colombia.